Biathlètes mondiaux par images #1 - Statistiques

Statistiques générales
  • Ce quiz a été pris 29 fois
  • Le résultat moyen est 9 sur 20
Statistiques - réponses
Par images Hint Réponse % Correct
Norvège Johannes Thingnes Bø
96%
Suède Hanna Öberg
93%
France Quentin Fillon-Maillet
93%
Italie Lisa Vittozzi
89%
Allemagne Franziska Preuß
86%
Suède Sebastian Samuelsson
75%
États Unis Campbell Wright
71%
Norvège Maren Kirkeeide
57%
Norvège Marte Olsbu Røiseland
57%
France Raphaël Poirée
43%
Slovénie Anamarija Lampič
39%
Biélorussie Darya Domracheva
39%
Norvège Emil Hegle Svendsen
29%
Finlande Kaisa Mäkäräinen
25%
France Benjamin Daviet
14%
Allemagne Simon Schempp
14%
Ukraine Oksana Shyshkova
4%
Suède Eva Korpela
0%
Chine Liu Mengtao
0%
Allemagne Sven Fischer
0%
Aucun quiz correspondant
Distribution des résultats
% des personnes avec chaque résultat
Percentile par nombre de réponses
Votre historique - résultats
Vous n’avez pas pris ce quiz